| 000 | 00354nam a2200133Ia 4500 | ||
|---|---|---|---|
| 008 | 200103s9999||||xx |||||||||||||| ||und|| | ||
| 040 | _aIMU-MPC | ||
| 082 | _aColumn-43 | ||
| 100 | _aSlocum, Joshua | ||
| 245 | 0 | _aSailing Alone Around the World and Voyage of the Liberdade | |
| 260 |
_bRupert Hart-Davis, London _c1951 |
||
| 300 | _axvi, 384 | ||
| 942 | _cBK | ||
| 999 |
_c8936 _d8936 |
||